000 00311nam a22001457a 4500
008 230901b ||||| |||| 00| 0 eng d
020 _a9780521427272
041 _aeng
080 _a101
082 _a101HUS
100 _a44
101 _aFILOZ
245 _aDRUGS AND RIGHTS
_cHUSAK .N.D
942 _2udc
_cBK
999 _c60250
_d60250